Normal view
MARC view
- Dental Materials M Phil-Thesis.
Entry Topical Term
001 - CONTROL NUMBER
- control field: 30592
003 - CONTROL NUMBER IDENTIFIER
- control field: NUST
005 - DATE AND TIME OF LATEST TRANSACTION
- control field: 20200923095018.0
008 - FIXED-LENGTH DATA ELEMENTS
- fixed length control field: 200923|| aca||aabn | a|a d
040 ## - CATALOGING SOURCE
- Original cataloging agency: NUST
- Transcribing agency: NUST
150 ## - HEADING--TOPICAL TERM
- Topical term or geographic name entry element: Dental Materials M Phil-Thesis.
670 ## - SOURCE DATA FOUND
- Source citation: Work cat.: (NUST): Shabaz Khan 30591, EFFECT OF PARTICLE SIZE DISTRIBUTION ON HANDLING CHARACTERISTICS AND SETTING TIME OF MINERAL TRIOXIDE AGGREGATE /, 2015.
